| 000 | 00653nam a22002177a 4500 | ||
|---|---|---|---|
| 003 | UA-OsUOA | ||
| 001 | 137043 | ||
| 007 | ta | ||
| 008 | 20190422b un ||||| |||| 00| 0 ukr d | ||
| 100 | _aМялковська Л. М. | ||
| 090 |
_a82 _bМ99 |
||
| 942 | _cSA | ||
| 040 |
_aUA-OsUOA _bukr _cUA-OsUOA _dUA-OsUOA |
||
| 245 | _aІ. С. Нечуй-Левицький - культурник, етнограф, письменник | ||
| 300 | _aС.138-151 | ||
| 955 | _a0 | ||
| 041 | _aukr | ||
| 080 | _a82 | ||
| 773 | 0 |
_w137037 _tУкраїнська мова _dК. _d2019 _g1 |
|
| 650 | 7 |
_a82 Література. Літературознавство _2UDC |
|
| 999 |
_c410905 _d410905 |
||